Conflicts over Marine and Coastal Common Resources : (Record no. 27217)
[ view plain ]
| 000 -LEADER | |
|---|---|
| fixed length control field | 01295cam a2200337Ii 4500 |
| 006 - FIXED-LENGTH DATA ELEMENTS--ADDITIONAL MATERIAL CHARACTERISTICS--GENERAL INFORMATION | |
| fixed length control field | m o d |
| 007 - PHYSICAL DESCRIPTION FIXED FIELD--GENERAL INFORMATION | |
| fixed length control field | cr cnu|||unuuu |
| 008 - FIXED-LENGTH DATA ELEMENTS--GENERAL INFORMATION | |
| fixed length control field | 190711s2019 enk o 000 0 eng d |
| 020 ## - INTERNATIONAL STANDARD BOOK NUMBER | |
| International Standard Book Number | 9781315206424 |
| Qualifying information (R) | (electronic bk.) |
| International Standard Book Number | 1315206420 |
| Qualifying information (R) | (electronic bk.) |
| International Standard Book Number | 9781351796965 |
| Qualifying information (R) | (electronic bk. : Mobipocket) |
| International Standard Book Number | 1351796968 |
| Qualifying information (R) | (electronic bk. : Mobipocket) |
| International Standard Book Number | 9781351796972 |
| Qualifying information (R) | (electronic bk. : EPUB) |
| International Standard Book Number | 1351796976 |
| Qualifying information (R) | (electronic bk. : EPUB) |
| International Standard Book Number | 9781351796989 |
| Qualifying information (R) | (electronic bk. : PDF) |
| International Standard Book Number | 1351796984 |
| Qualifying information (R) | (electronic bk. : PDF) |
| 040 ## - CATALOGING SOURCE | |
| Original cataloging agency | OCoLC-P |
| Language of cataloging | eng |
| Description conventions | rda |
| -- | pn |
| 082 04 - DEWEY DECIMAL CLASSIFICATION NUMBER | |
| Classification number | 333.9164 |
| Edition number | 23 |
| 100 1# - MAIN ENTRY--PERSONAL NAME | |
| Personal name | Alexander, Karen A. |
| 245 10 - TITLE STATEMENT | |
| Title | Conflicts over Marine and Coastal Common Resources : |
| Remainder of title | Causes, Governance and Prevention / |
| 250 ## - EDITION STATEMENT | |
| Edition statement | First edition. |
| 260 ## - PUBLICATION, DISTRIBUTION, ETC. (IMPRINT) | |
| Place of publication, distribution, etc | London |
| Name of publisher, distributor, etc | Taylor & Francis Group |
| Date of publication, distribution, etc | 2019 |
| 300 ## - PHYSICAL DESCRIPTION | |
| Extent | 1 online resource (xiv, 164 pages). |
| 490 0# - SERIES STATEMENT | |
| Series statement | Earthscan oceans |
| 650 #0 - SUBJECT ADDED ENTRY--TOPICAL TERM | |
| Topical term or geographic name as entry element | Marine resources |
| General subdivision | Management. |
| Topical term or geographic name as entry element | Marine resources conservation. |
| Topical term or geographic name as entry element | Fishery law and legislation. |
| 856 40 - ELECTRONIC LOCATION AND ACCESS | |
| Uniform Resource Identifier | <a href="https://www.taylorfrancis.com/books/9781315206424">https://www.taylorfrancis.com/books/9781315206424</a> |
| Uniform Resource Identifier | <a href="http://www.oclc.org/content/dam/oclc/forms/terms/vbrl-201703.pdf">http://www.oclc.org/content/dam/oclc/forms/terms/vbrl-201703.pdf</a> |
| 942 ## - ADDED ENTRY ELEMENTS (KOHA) | |
| Item type | E-Book |
No items available.